000 00540nam a2200121Ia 4500
008 220620s9999||||xx |||||||||||||| ||und||
100 _aSeries, Lucy
245 0 _aDeprivation of Liberty in the Shadows of the Institution
546 _aEnglish[eng]
650 _aCare in the community; Cheshire West; Deprivation of liberty; Mental capacity; Mental health law
856 _uhttps://library.oapen.org/bitstream/20.500.12657/53234/2/9781529212013.epub||https://library.oapen.org/bitstream/20.500.12657/53234/2/9781529212013.epub
942 _cEB
999 _c27533
_d27533